Oldest Countries or Kingdoms in the World - Statistics

General Stats
  • This quiz has been taken 254 times
  • The average score is 8 of 15
Answer Stats
Hint Answer % Correct
3100 BCE Egypt
91%
400 CE Japan
81%
3200 BCE Iran
80%
2000 BCE India
71%
1300 BCE Kingdom of Israel
62%
209 BCE Mongolia
52%
200 BC Ethiopia
50%
1070 BCE Sudan
44%
2879 BCE Vietnam
43%
2492 BCE Armenia
42%
678 BCE Afghanistan
41%
301 CE San Marino
40%
2333 BCE Korea
38%
1300 BCE Georgia
36%
200 BCE Somalia
24%
No matching quizzes found
Score Distribution
Percent of People with Each Score
Percentile by Number Answered
Your Score History
You have not taken this quiz